000 00414nam a22001577a 4500
999 _c3960
_d3960
008 200708b ||||| |||| 00| 0 eng d
082 0 0 _a530
_bD9111
100 _9118
_aDuncan, J.
245 1 0 _aA textbook of physics for students of science and engineering
_cby J. Duncan
250 _a2nd ed.
260 _aLondon
_bMacmillan
_c1950
300 _axxii,1063p.
365 _d26.20
650 0 _aPhysics
942 _cBK